Welcome to CU Library Online Public Access Catalogue (OPAC)

Management Accounting (Record no. 9215)

MARC details
000 -LEADER
fixed length control field 00479nam a22001577a 4500
005 - DATE AND TIME OF LATEST TRANSACTION
control field 20260415134649.0
008 - FIXED-LENGTH DATA ELEMENTS--GENERAL INFORMATION
fixed length control field 260415b |||||||| |||| 00| 0 eng d
020 ## - INTERNATIONAL STANDARD BOOK NUMBER
International Standard Book Number 9780139061653
050 ## - LIBRARY OF CONGRESS CALL NUMBER
Classification number HF5657.4
Item number .H67
245 ## - TITLE STATEMENT
Title Management Accounting
Statement of responsibility, etc. Charles T. Horngren et al.,
250 ## - EDITION STATEMENT
Edition statement 3rd ed.
Remainder of edition statement Canadian Edition
260 ## - PUBLICATION, DISTRIBUTION, ETC.
Place of publication, distribution, etc. Scarborough, Ontario
Name of publisher, distributor, etc. Prentice Hall
Date of publication, distribution, etc. 1999
300 ## - PHYSICAL DESCRIPTION
Extent xxiii. 774p.
Other physical details ill. some color
Dimensions 26cm
700 ## - ADDED ENTRY--PERSONAL NAME
Personal name Horngren, Charles T.
942 ## - ADDED ENTRY ELEMENTS (KOHA)
Source of classification or shelving scheme Library of Congress Classification
Koha item type Books
Suppress in OPAC No
999 ## -
-- 9215
-- 9215
Holdings
Withdrawn status Lost status Source of classification or shelving scheme Damaged status Not for loan Collection Home library Current library Shelving location Date acquired Total checkouts Full call number Barcode Date last seen Copy number Price effective from Koha item type
    Library of Congress Classification     Non-fiction Business Library (Miotso) Business Library (Miotso) General stacks 04/15/2026   HF5657.4 .H67 MAN BSSM00003179 04/15/2026 1 04/15/2026 Books
© 2023-2024 Copyright: Central University Libraries. All Rights Reserved | Created by: Mahone Tech Office